000 00784nam a2200217Ia 4500
003 GCL
008 140319s9999 xx 000 0 ara d
040 _aGCL /
_cGCL
082 0 4 _a953
_bج ت
100 1 _aجمال الدين الشيال
245 1 0 _aالتاريخ الاسلامى واثره فى الفكر التاريخى الاوروبى فى عصر النهضة /
_cجمال الدين الشيال
260 _a[S.N] :
_bدار الثقافة العربية ،
_c1969
300 _a133 ص
490 _a
650 0 4 _aالتاريخ الاسلامى
650 0 4 _aالعلوم عند العرب
650 0 4 _aالحضارة الاسلامية
650 0 4 _aحضارة العصور الوسطى
650 0 4 _aعصر النهضة (1300 - 1494)
942 _2ddc
_cBK
999 _c59033
_d59033